Pollos / (Record no. 16200)

MARC details
000 -LEADER
fixed length control field 01362nam a2200385 i 4500
001 - CONTROL NUMBER
control field BK0018548850
003 - CONTROL NUMBER IDENTIFIER
control field NjBwBT
005 - DATE AND TIME OF LATEST TRANSACTION
control field 20160913141427.0
008 - FIXED-LENGTH DATA ELEMENTS--GENERAL INFORMATION
fixed length control field 160317s2016 mnua j 001 0 spa d
010 ## - LIBRARY OF CONGRESS CONTROL NUMBER
LC control number bl2016011889
020 ## - INTERNATIONAL STANDARD BOOK NUMBER
International Standard Book Number 9781680804232 : LIB
020 ## - INTERNATIONAL STANDARD BOOK NUMBER
International Standard Book Number 1680804235 : LIB
037 ## - SOURCE OF ACQUISITION
Source of stock number/acquisition Abdo Group, 8000 W 78th st Ste 310, Edina, MN, USA, 55439, (952)6982403
Note SAN 662-9172
040 ## - CATALOGING SOURCE
Original cataloging agency NjBwBT
Language of cataloging eng
Transcribing agency NjBwBT
Description conventions rda
041 1# - LANGUAGE CODE
Language code of text/sound track or separate title spa
Language code of original eng
050 14 - LIBRARY OF CONGRESS CALL NUMBER
Classification number SF487.5
Item number .M87318 2016
082 04 - DEWEY DECIMAL CLASSIFICATION NUMBER
Classification number 636.5
Edition number 23
100 1# - MAIN ENTRY--PERSONAL NAME
Personal name Murray, Julie,
Dates associated with a name 1969-
Relator term author.
240 10 - UNIFORM TITLE
Uniform title <a href="Chickens.">Chickens.</a>
Language of a work Spanish.
245 10 - TITLE STATEMENT
Title Pollos /
Statement of responsibility, etc. Julie Murray.
260 ## - PUBLICATION, DISTRIBUTION, ETC. (IMPRINT)
Place of publication, distribution, etc. Minneapolis, Minnesota :
Name of publisher, distributor, etc. Abdo Kids,
Date of publication, distribution, etc. [2016]
264 #1 - PRODUCTION, PUBLICATION, DISTRIBUTION, MANUFACTURE, AND COPYRIGHT NOTICE
Place of production, publication, distribution, manufacture Minneapolis, Minnesota :
Name of producer, publisher, distributor, manufacturer Abdo Kids,
Date of production, publication, distribution, manufacture, or copyright notice [2016]
300 ## - PHYSICAL DESCRIPTION
Extent 24 pages :
Other physical details color illustrations ;
Dimensions 23 x 25 cm.
336 ## - CONTENT TYPE
Content type term text
Source rdacontent.
337 ## - MEDIA TYPE
Media type term unmediated
Source rdamedia.
338 ## - CARRIER TYPE
Carrier type term volume
Source rdacarrier.
490 1# - SERIES STATEMENT
Series statement Animales de granja.
500 ## - GENERAL NOTE
General note Includes index.
520 ## - SUMMARY, ETC.
Summary, etc. Introduces chickens, and describes their appearance, where they live on a farm, the sounds they make, what they eat, and how they pass their time.
650 #0 - SUBJECT ADDED ENTRY--TOPICAL TERM
Topical term or geographic name as entry element Chickens
Form subdivision Juvenile literature.
650 #1 - SUBJECT ADDED ENTRY--TOPICAL TERM
Topical term or geographic name as entry element Chickens.
650 #1 - SUBJECT ADDED ENTRY--TOPICAL TERM
Topical term or geographic name as entry element Spanish language materials.
800 1# - SERIES ADDED ENTRY--PERSONAL NAME
Personal name Murray, Julie,
Dates associated with a name 1969-
Title of a work Farm animals.
Language of a work Spanish.
942 ## - ADDED ENTRY ELEMENTS (KOHA)
Source of classification or shelving scheme Dewey Decimal Classification
Koha item type Libro/Book
Holdings
Withdrawn status Lost status Damaged status Not for loan Home library Current library Date acquired Inventory number Total Checkouts Full call number Barcode Date last seen Price effective from Koha item type
        Capulin -- Satellite Capulin -- Satellite 13/09/2016 Inventory date: 7/7/25   636.5 35100776 13/09/2016 13/09/2016 Libro/Book

Powered by Koha